000 00687nam a2200217 u 4500
001 000020263
003 DO-SdBNP
005 20150715110647.0
008 100802s2002 dr a r 000 0 spa d
040 _aBPJMB
_bspa
_cBPJMB
092 _a372.8
_bA325b
100 1 _aAlbaine Pons, José R.
245 1 0 _aBiología 2 /
_cJosé R. Albaine Pons.
260 _aSanto Domingo :
_bSecretaría de Estado de Educación
_fCorripio
300 _a144 p. :
_bil. ;
_c28 cm.
500 _aPrimer ciclo nivel medio
650 4 _aBIOLOGÍA
_xENSEÑANZA MEDIA
_zREPÚBLICA DOMINICANA
942 _2ddc
_cBK
956 _aMMOLINA
_b10
_c20100802
_lBND02
_h1111
956 _aMMOLINA
_b45
_c20100802
_lBND02
_h1115
999 _c7965
_d7965